Vista normal
Vista MARC
Entrada Materia (personas)
Número de registros utilizados en: 1
001 - CONTROL NUMBER
- control field: 172064
003 - CONTROL NUMBER IDENTIFIER
- control field: Co-BoUCM
005 - DATE AND TIME OF LATEST TRANSACTION
- control field: 20211112084339.0
008 - FIXED-LENGTH DATA ELEMENTS
- fixed length control field: 211112|| aca||aabn | a|a d
040 ## - CATALOGING SOURCE
- Original cataloging agency: Co-BoUCM
- Transcribing agency: Co-BoUCM
100 ## - HEADING--PERSONAL NAME
- Personal name: Joachim, Harold H.
- Dates associated with a name: 1868-1938
670 ## - SOURCE DATA FOUND
- Source citation: Work cat.: (Co-BoUCM)93063: Joachim, Harold H. (Harold Henry) 1868-1938., AStudy of the Ethics of Spinoza (Ethica Ordine Geometrico Demonstrata), [1964 1901]